000 00869nam a22002175i 4500
001 167245
003 ES-MaACL
005 20250818063105.0
008 050922s1886 sp a | |||||||| ||spa d
040 _aCAM
_bspa
_cCAM
080 _a821.133.1-31"18"
100 1 _aVerne, Jules,
_d1828-1905
_9188654
245 1 3 _aUn billete de lotería
_b: el número 9672 ; seguida de Frritt-Flacc /
_cpor Julio Verne ; traducción de D. A. de A.
250 _aEd. il. con cuarenta y dos dibujos de George Roux, y un mapa.
260 _aMadrid :
_bAgustín Jubera, editor,
_c1886 (
_fImprenta de A. Pérez Dubrull)
300 _a2 v. (61 ; 49 p.) :
_bil. ;
_c27 cm.
700 1 _aRoux, George.
_9132121
740 0 _aFrritt-Flacc.
852 _aES-MaACL
_jC-1715(1)
_z-- Enc. hol.
_z-- Legado de Modesto de la Fuente
_z-- Enc. 2 t. en 1 v.
999 _c167245
_d167245